000 00707nam a22002297a 4500
005 20170124105928.0
010 _aA-708686
020 _c00.00
_a0863112293
035 _aA-708686
037 _bCen Lib/Ret
040 _aDPL
_bEN
082 _a305.40954
_bMUK
100 _aMukherjee, Prabhati
_97614
245 _aHindu women :
_cby Prabhati Mukherjee
_bnormative models /
260 _aHyderabad
_bOrient Longman Limited
_c1978
270 _a3-6-272, Himayat nagar
_bHyderabad
_e500029
300 _a156p.
_c20cm(Hb)
500 _aIncludes bibliographical reference and index
650 _aHindu women
_97615
650 _aWomen - India
_997396
942 _2ddc
_cEN
_h305.40954
_mMUK
999 _c123665
_d123665